00672nam a2200217 a 450000100060000000300090000600500170001500800410003202000150007303500150008804000280010304100080013104300180013910000280015724500790018526000600026430000260032449000440035065000350039470000250042926663CO-ViMGA20230915223424.0141112s2004 ck r 000 u spa d a9580450528 aAGR5984 LA aCO-ViMGAbspacCO-ViMGA aspa as - ag - - - 1 aLardone, Lilia, 1941 - 10aCaballero negro / cLilia Lardone ; ilustraciones de María Osorio. aBarcelona ; Bogotá : bGrupo Editorial Norma, c1999. a59 p. : il. ; 19 cm.0 aColección torre de papel. Torre azul14aCuentos infantiles argentinos.1 aOsorio, María, il.